Statistics for Copa America

Click here to take the quiz!

General Stats

  • This quiz has been taken 255 times
  • The average score is 42 of 43

Answer Stats

Answer% Correct
Argentina
100%
Argentina
100%
Argentina
100%
Argentina
100%
Argentina
100%
Argentina
100%
Argentina
100%
Argentina
100%
Argentina
100%
Argentina
100%
Argentina
100%
Argentina
100%
Argentina
100%
Argentina
100%
Brazil
99%
Brazil
99%
Brazil
99%
Brazil
99%
Brazil
99%
Brazil
99%
Brazil
99%
Brazil
99%
Uruguay
97%
Uruguay
97%
Uruguay
97%
Uruguay
97%
Uruguay
97%
Uruguay
97%
Uruguay
97%
Uruguay
97%
Uruguay
97%
Uruguay
97%
Uruguay
97%
Uruguay
97%
Uruguay
97%
Uruguay
97%
Uruguay
97%
Paraguay
93%
Paraguay
93%
Colombia
92%
Peru
92%
Peru
92%
Bolivia
90%

Score Distribution

Percentile by Number Answered

Percent of People with Each Score

Your Score History

You have not taken this quiz